01225cam a2200265 a 450000500170000000800410001702000180005803500200007604000500009604100130014610000280015924502000018726000840038730000560047150000210052765000620054865000620061065000510067265000530072365000540077670000240083070000380085470000300089276500370092220161019162716.0030715s2001 mx ad fr 001 0 spa d a9789701030523 a(Sirsi) a642717 aCO-BoUCMbspacSandra PalaciodSandra Palacio1 aspaheng1 aMata Toledo, Ramón A.10aIntroducción a la programaciónbcon ejemplos en Visual Basic, C, C++ y JavacRamón A. Mata Toledo y Pauline K. Cushman ; traducción Rodolfo Navarro Salas ; editor Rogelio Márquez Nuño aBogotá (Colombia)aMéxico D.F. (México)bMcGraw-Hill Interamericanac2001 axi, 331 páginasbilustraciones, tablas, diagramas aIncluye índice17aLenguajes de programación (Computadores electrónicos)27aVisual basic (Lenguaje de programación de computadores)27aC (Lenguaje de programación de computadores)27aC++ (Lenguaje de programación de computadores)27aJava (Lenguaje de programación de computadores)1 aCushman, Pauline K.1 aNavarro Salas, Rodolfoetraductor1 aMárquez Nuño, Rogelio1 tIntroduction to computer science